000 00249nam a22000977a 4500
008 241127b |||||||| |||| 00| 0 eng d
020 _a9781421569208
100 _aGaubatz James
_97696
245 _aOne Punch Man-4
260 _aItaly
_b2012
_cSan Francisco
999 _c12704
_d12704